| 000 | 00528nam a2200181Ia 4500 | ||
|---|---|---|---|
| 008 | 230917s9999||||xx |||||||||||||| ||und|| | ||
| 020 | _cEUR 69.99 (RS 6098.93) | ||
| 040 |
_e5011671 _aMAIN |
||
| 041 | _aEnglish | ||
| 082 | _a519.52 V244P(2) | ||
| 100 | _aVallint, Richard | ||
| 245 | 0 | _aPractical tools for designing and weighting survey samples | |
| 250 | _a2nd ed. | ||
| 260 |
_aNew York _bSpringer Nature _c2018 |
||
| 300 | _axxvi, 776 p. | ||
| 500 | _a4118 12/10/2021 APD22/1128529 12/10/2021 Main Budget | ||
| 942 | _cBK | ||
| 999 |
_c2775 _d2775 |
||